Statistiques concernant Mots de la langue française terminés par "pin"

Cliquez ici pour prendre le quiz!

Statistiques générales

  • Ce quiz a été pris 203 fois
  • Le résultat moyen est 9 sur 19

Statistiques - réponses

IndiceMot% Correct
carnetcalepin
95%
conifèresapin
88%
animallapin
87%
conifèrepin
83%
plante ornementale - Arsènelupin
80%
petit morceau (de terrain)lopin
73%
racolage de prostituée (argot)tapin
73%
chaussureescarpin
64%
remède miracle : poudre de ....perlimpinpin
57%
riche (familier)rupin
55%
chenapangalopin
40%
musicienChopin
29%
ennuipépin
29%
traînard, fainéant (familier)clampin
22%
petite ancregrappin
17%
apprenti peintrerapin
15%
petit ver de la pomme de terretaupin
7%
sédum d'automneorpin
4%
mauvaise herbe des céréalesvulpin
1%

Distribution des résultats

Percentile par nombre de réponses

% des personnes avec chaque résultat

Votre développement - résultats

Vous n’avez pas pris ce quiz